Vista normal Vista MARC

Entrada Personal Name

Número de registros utilizados en: 1

001 - CONTROL NUMBER

  • control field: 8122

003 - CONTROL NUMBER IDENTIFIER

  • control field: OSt

005 - DATE AND TIME OF LATEST TRANSACTION

  • control field: 20200729153200.0

008 - FIXED-LENGTH DATA ELEMENTS

  • fixed length control field: 200729|| aca||aabn | a|a d

040 ## - CATALOGING SOURCE

  • Original cataloging agency: OSt
  • Transcribing agency: OSt

100 ## - HEADING--PERSONAL NAME

  • Personal name: Scott, Justin,
  • Dates associated with a name: 1944

670 ## - SOURCE DATA FOUND

  • Source citation: Work cat.: (OSt)3566: Scott, Justin, 1944 autor, El cazador de barcos / , 1979